Wszystkie draże Skawy Wadowice - Statystyki

Ogólne statystyki
  • Ten quiz został rozwiązany 11 razy
    4 od ostatniego zresetowania
  • Średni wynik to 5 z 14
Statystyki odpowiedzi
Smak Nazwa % Poprawnych
Śmietankowe Marynarze
100%
Kokosowe Korsarze
75%
Czekoladowe Piłkarze
50%
Pomarańczowe Apacze
25%
Kawowe Baristy
25%
Orzeszki Clown
25%
rodzynki w czekoladzie mlecznej Golden dragees
25%
orzechy arachidowe w czekoladzie mlecznej Golden dragees
25%
Kokosowe Korsarze white
25%
Jogurtowe Księżniczki
25%
Czekoladowo-orzechowe Mocarze
25%
Bananowe Podróżniczki
25%
Orzechowe Rzymianie
25%
Kakaowe Wikingowie
25%
Nie znaleziono quizów pasujących do podanych kryteriów
Rozkład punktacji
Procent ludzi z każdym wynikiem
Percentyl według liczby udzielonych odpowiedzi
Twoja historia wyników
Nie rozwiązałeś tego quizu od ostatniego zresetowania